LDR 00845naa#a2200181#i#450# 001 RU\INFRA-M\bibl\111960 005 20260604031804.4 011 ## _a2500-3321 100 ## _a20260303b2026####ek#y0rusy0150####ca 102 ## _aRU 200 1# _aБиологическая и социальная сущность человеческой природы _eЖурнальная статья 210 1# _aМосква _cОбщество с ограниченной ответственностью «Научно-издательский центр ИНФРА-М» _d2026 215 ## _a4 с. 608 ## _aЖурнальная статья _2local 675 ## _aЛичность и призвание (назначение) философов. 101.9 _aФилософия. 10 _z 700 #1 _aПантелеев _gД. Ю. 700 #1 _aПузиков _gВ. Г. 856 4# _azh-szf.ru _u